| 000 | 00420nam a22001697a 4500 | ||
|---|---|---|---|
| 005 | 20180206114824.0 | ||
| 008 | 160428b xxu||||| |||| 00| 0 eng d | ||
| 020 | _a0-07-047339-0 | ||
| 041 | _aeng | ||
| 082 |
_b00675 _a005.133 |
||
| 100 |
_aBalagurusamy, E _9165 |
||
| 245 | _aProgramming in C # | ||
| 260 |
_aNew Delhi _bTMH Publ.co.Ltd. _c2002 |
||
| 300 | _a310 | ||
| 650 |
_aInformation Technology _9137 |
||
| 942 | _cBK | ||
| 999 |
_c195 _d195 |
||